[Event "Campeonato Distrital Individual Absoluto"]
[Site "Sede do GX Alekhine - Lisboa"]
[Date "2015.02.04"]
[Round "4.14"]
[White "Martins, Abílio Morgado"]
[Black "Santos, Júlio Fernandes Dos"]
[Result "0-1"]
[WhiteElo "1489"]
[BlackElo "1949"]
[PlyCount "150"]
[EventDate "2015.01.27"]

1. Nf3 d5 2. d4 b6 3. b3 g6 4. Bb2 Bg7 5. e3 Bb7 6. Be2 Nf6 7. Nbd2 O-O 8. O-O
Nbd7 9. c4 e6 10. Rc1 c5 11. cxd5 exd5 12. h3 Re8 13. dxc5 Nxc5 14. Bd4 Ne6 15.
Ba1 Qe7 16. Nb1 Nc5 17. Bd4 Nce4 18. Bb5 Rec8 19. Qe2 Nh5 20. Bxg7 Nxg7 21. Nd4
Rc7 22. Rxc7 Qxc7 23. Qb2 Rc8 24. Bd3 Nc5 25. Be2 Qe5 26. Qd2 Ne4 27. Qd3 Ne8
28. Bg4 Rc5 29. Bf3 N8d6 30. Be2 b5 31. a3 a6 32. b4 Rc4 33. Qb3 Rc7 34. Qd3
Qe8 35. Nb3 Qc8 36. Bd1 Nc4 37. Qd4 Qe8 38. Re1 Ng5 39. Nc5 Ne6 40. Qf6 Nxc5
41. bxc5 Rxc5 42. Qd4 Qc8 43. Bf3 Nd6 44. Rd1 Nf5 45. Qd3 Qc6 46. g3 Kg7 47.
Qb3 f6 48. Qd3 Ne7 49. h4 h5 50. Qb3 a5 51. Qb2 Rc2 52. Qd4 Rc4 53. Qd2 Qc7 54.
Qb2 Qc5 55. Be2 Qc6 56. f3 Rc5 57. Qd2 Rc2 58. Qd3 Nf5 59. Kf2 Qc7 60. f4 Qc5
61. Rd2 Rc1 62. Rb2 Bc6 63. Nd2 a4 64. Nb1 d4 65. e4 Nd6 66. Bf3 Nc4 67. Re2
Rxb1 68. e5 Rb3 69. exf6+ Kxf6 70. Re6+ Kxe6 71. Qxg6+ Kd7 72. Qf7+ Kc8 73.
Qg8+ Kc7 74. Qg7+ Kb6 75. Qf6 Rxf3+ 0-1

[Event "Campeonato Distrital Individual Absoluto"]
[Site "Sede do GX Alekhine - Lisboa"]
[Date "2015.02.04"]
[Round "4.15"]
[White "Sirgado, Carlos Manuel Ferrei"]
[Black "Júlio, André Alexandre Mira"]
[Result "1/2-1/2"]
[WhiteElo "1654"]
[BlackElo "1671"]
[PlyCount "139"]
[EventDate "2015.01.27"]

1. e4 c5 2. Nf3 g6 3. d4 cxd4 4. Qxd4 Nf6 5. Nc3 Nc6 6. Qd1 Bg7 7. Bd3 O-O 8.
O-O d6 9. h3 a6 10. a3 Qa5 11. Bd2 Qh5 12. Nh2 Qxd1 13. Raxd1 Ne5 14. Be2 Be6
15. Nf3 Nc4 16. Bxc4 Bxc4 17. Rfe1 a5 18. b3 Ba6 19. a4 Rfc8 20. Rc1 b6 21. Nd5
Nxd5 22. exd5 Bb2 23. c4 Bxc1 24. Bxc1 Re8 25. Nd4 Bc8 26. Nb5 Bf5 27. Nc7 Rac8
28. Nxe8 Rxe8 29. Re3 f6 30. g4 Bc2 31. Rc3 Bb1 32. Be3 e6 33. dxe6 Rxe6 34.
Bxb6 Re1+ 35. Kh2 f5 36. Bxa5 Be4 37. gxf5 Bxf5 38. Bb6 Kf7 39. c5 dxc5 40.
Bxc5 Rb1 41. a5 Ra1 42. b4 Ke6 43. Re3+ Kd5 44. Re7 h5 45. Rf7 Ra3 46. Be3 Kc6
47. Rf6+ Kb5 48. Rb6+ Kc4 49. a6 h4 50. a7 Be4 51. Rb8 Ra1 52. Rc8+ Kxb4 53.
Rc1 Rxc1 54. Bxc1 Kb5 55. Kg1 Ka6 56. Be3 Bf3 57. Kh2 Kb7 58. Bg5 Kxa7 59. Bxh4
Kb7 60. Kg3 Bh5 61. Bf6 Kc6 62. Kh4 Kd6 63. Kg5 Ke6 64. Bc3 Kf7 65. f4 Bd1 66.
h4 Be2 67. Kh6 Bd1 68. Kg5 Be2 69. f5 gxf5 70. Kxf5 1/2-1/2

[Event "Campeonato Distrital Individual Absoluto"]
[Site "Sede do GX Alekhine - Lisboa"]
[Date "2015.02.06"]
[Round "5.1"]
[White "Marques, Carlos Filipe Fernan"]
[Black "Fortunato, António Eduardo Con"]
[Result "1/2-1/2"]
[WhiteElo "1852"]
[BlackElo "1691"]
[PlyCount "81"]
[EventDate "2015.01.27"]

1. e4 e6 2. Bc4 d5 3. exd5 exd5 4. Bb3 Nf6 5. h3 Be6 6. Nf3 c6 7. d4 Be7 8. O-O
O-O 9. Bg5 Nbd7 10. c3 Ne4 11. Bxe7 Qxe7 12. Nbd2 f5 13. Nh2 Bf7 14. Qe2 Rae8
15. Rae1 Qg5 16. Nxe4 Rxe4 17. Qd3 Bh5 18. Rxe4 fxe4 19. Qxe4 Re8 20. f4 Rxe4
21. fxg5 Re2 22. g4 Bg6 23. Rf2 Re3 24. h4 Be4 25. Bc2 c5 26. Bxe4 Rxe4 27.
dxc5 Nxc5 28. Rd2 Re5 29. Nf3 Re3 30. Kf2 Rd3 31. Ke2 Rxd2+ 32. Kxd2 Kf7 33.
Ne5+ Ke6 34. Nd3 Nxd3 35. Kxd3 Ke5 36. Ke3 b6 37. h5 g6 38. b4 b5 39. a3 Ke6
40. Kd4 Kd6 41. h6 1/2-1/2

[Event "Campeonato Distrital Individual Absoluto"]
[Site "Sede do GX Alekhine - Lisboa"]
[Date "2015.02.06"]
[Round "5.2"]
[White "Alves, Luis Miguel Guerreir"]
[Black "Reis, Luís De Sousa Almeid"]
[Result "0-1"]
[WhiteElo "1798"]
[BlackElo "2174"]
[PlyCount "42"]
[EventDate "2015.01.27"]

1. c4 e5 2. Nc3 Bb4 3. g3 f5 4. Qc2 Ne7 5. Bg2 O-O 6. e3 f4 7. Be4 h6 8. gxf4
exf4 9. Nge2 fxe3 10. fxe3 d6 11. Ng3 c6 12. Nce2 Nd7 13. Nf4 Nf6 14. Bd3 g5
15. Nfh5 Nxh5 16. Bh7+ Kh8 17. Nxh5 Nf5 18. Bxf5 Bxf5 19. e4 Bxe4 20. Qb3 Qe8
21. Qxb4 Bc2# 0-1

[Event "Campeonato Distrital Individual Absoluto"]
[Site "Sede do GX Alekhine - Lisboa"]
[Date "2015.02.06"]
[Round "5.3"]
[White "Vasconcellos, Renato Fialho De"]
[Black "Sousa, Tadeu Filipe Leonard"]
[Result "1-0"]
[WhiteElo "2053"]
[BlackElo "1787"]
[PlyCount "119"]
[EventDate "2015.01.27"]

1. e4 c5 2. Ne2 Nf6 3. Nbc3 e5 4. g3 h5 5. h3 d6 6. d3 Nc6 7. Bg5 Be7 8. Qd2
Nd5 9. Bxe7 Ndxe7 10. Bg2 Be6 11. f4 Nd4 12. f5 Bd7 13. O-O-O Qa5 14. Kb1 b5
15. Qg5 b4 16. Nxd4 bxc3 17. Nb3 Qb6 18. bxc3 a5 19. Kc1 a4 20. Nd2 Qa5 21. Nc4
Qxc3 22. Qe3 Nc8 23. Qe1 Qxe1 24. Rdxe1 h4 25. g4 Ke7 26. Bf3 Rb8 27. Kd2 Nb6
28. Ne3 Bc6 29. g5 Nd7 30. Rb1 f6 31. Rhg1 Rxb1 32. Rxb1 fxg5 33. Rg1 Rb8 34.
Kc3 a3 35. Nc4 Nb6 36. Nxa3 Na4+ 37. Kd2 Rb2 38. Rxg5 Rxa2 39. Nc4 Nb2 40. Nxb2
Rxb2 41. Rxg7+ Kf8 42. Rh7 Ba4 43. Bd1 d5 44. exd5 Rb4 45. Rc7 Rf4 46. Rxc5
Rxf5 47. Bg4 Rf2+ 48. Kc1 Ke7 49. Rc4 Bb5 50. Rb4 Be8 51. Be6 Kd6 52. Rxh4 Kc5
53. Rc4+ Kd6 54. Rg4 Kc5 55. Rh4 Rh2 56. Kb2 Bg6 57. Kc3 Re2 58. Rc4+ Kd6 59.
Rc6+ Ke7 60. Bg4 1-0

[Event "Campeonato Distrital Individual Absoluto"]
[Site "Sede do GX Alekhine - Lisboa"]
[Date "2015.02.06"]
[Round "5.4"]
[White "Bolhari, Orphe Iraj"]
[Black "Fanha, Paulo A Marinheiro"]
[Result "1-0"]
[WhiteElo "2141"]
[BlackElo "1868"]
[PlyCount "53"]
[EventDate "2015.01.27"]

1. e4 e6 2. d4 d5 3. exd5 exd5 4. Bd3 Nc6 5. Nf3 Nf6 6. O-O Be7 7. Nc3 O-O 8.
Bf4 Bg4 9. Be3 Re8 10. h3 Bh5 11. Re1 Nb4 12. Bf5 g6 13. g4 gxf5 14. gxh5 Nxh5
15. Ne5 Ng7 16. Kh1 Bf6 17. Rg1 Bxe5 18. dxe5 Qh4 19. Qf3 h6 20. Qg2 Kf8 21.
Bc5+ Re7 22. Bxb4 Ke8 23. Bxe7 Kxe7 24. Nxd5+ Kd7 25. Rad1 Rf8 26. Nb6+ Ke7 27.
Rd7+ 1-0

[Event "Campeonato Distrital Individual Absoluto"]
[Site "Sede do GX Alekhine - Lisboa"]
[Date "2015.02.06"]
[Round "5.5"]
[White "Preto, Daniel Filipe Rodrig"]
[Black "Rocha, Manuel Fernando Teix"]
[Result "1/2-1/2"]
[WhiteElo "2015"]
[BlackElo "1798"]
[PlyCount "101"]
[EventDate "2015.01.27"]

1. Nf3 d5 2. c4 c6 3. d4 Nf6 4. Bg5 Ne4 5. Bd2 Nd7 6. cxd5 cxd5 7. e3 Ndf6 8.
Bb4 Qb6 9. Ba3 Bd7 10. Be2 Qa5+ 11. Nfd2 b5 12. b4 Qb6 13. O-O e6 14. Nb3 Nd6
15. Nc5 Nc4 16. Bxc4 bxc4 17. Nc3 a5 18. b5 Rb8 19. Rb1 Qd8 20. Re1 h5 21. Bc1
Bd6 22. e4 dxe4 23. N5xe4 Nxe4 24. Rxe4 Bb4 25. Bd2 Bxc3 26. Bxc3 Rxb5 27. Rxb5
Bxb5 28. Re5 Bc6 29. Rxh5 Rxh5 30. Qxh5 g6 31. Qh8+ Ke7 32. Qe5 Qd5 33. Qc7+
Kf6 34. f3 Bd7 35. h4 a4 36. Qb6 Kg7 37. Kh2 Kh7 38. Bd2 e5 39. Bc3 e4 40. fxe4
Qxe4 41. Qf6 Qf5 42. Qd6 Qe6 43. Qb8 Qd5 44. Qg3 Bc6 45. Qf2 Qd6+ 46. Kg1 Bd5
47. Qd2 Qe6 48. Bb4 Qg4 49. Be7 Qg3 50. Qe2 Bxg2 51. Qf2 1/2-1/2

[Event "Campeonato Distrital Individual Absoluto"]
[Site "Sede do GX Alekhine - Lisboa"]
[Date "2015.02.06"]
[Round "5.6"]
[White "Lages, Duarte Jorge Silva"]
[Black "Belo, Miguel Ângelo Peting"]
[Result "0-1"]
[WhiteElo "1775"]
[BlackElo "1850"]
[PlyCount "60"]
[EventDate "2015.01.27"]

1. d4 Nf6 2. c4 g6 3. Nc3 Bg7 4. e4 d6 5. Be2 O-O 6. Bg5 Na6 7. Qd2 e5 8. dxe5
dxe5 9. Qxd8 Rxd8 10. f4 h6 11. Bh4 Re8 12. fxe5 Ng4 13. Nf3 Nxe5 14. Nd5 g5
15. Bg3 Nxf3+ 16. gxf3 Bxb2 17. Rd1 c6 18. Ne3 Bc3+ 19. Kf2 Bh3 20. Rd3 Ba5 21.
Bf1 Be6 22. f4 Bb6 23. Rc3 Nc5 24. Bg2 Rad8 25. f5 Rd2+ 26. Kf3 Nxe4 27. fxe6
Nxc3 28. exf7+ Kxf7 29. Nf5 Kg6 30. Be1 Rd3+ 0-1

[Event "Campeonato Distrital Individual Absoluto"]
[Site "Sede do GX Alekhine - Lisboa"]
[Date "2015.02.06"]
[Round "5.7"]
[White "Seia, João Manuel Barradas"]
[Black "Pires, Emanuel Joao Robarts"]
[Result "0-1"]
[WhiteElo "1755"]
[BlackElo "2104"]
[PlyCount "80"]
[EventDate "2015.01.27"]

1. e4 d6 2. d4 Nf6 3. Nc3 g6 4. f3 Bg7 5. Be3 c6 6. Qd2 b5 7. O-O-O Nbd7 8. g4
Nb6 9. Bh6 Bxh6 10. Qxh6 b4 11. Nb1 Be6 12. e5 Nfd7 13. exd6 Bxa2 14. dxe7 Qxe7
15. Ba6 Bxb1 16. Kxb1 b3 17. cxb3 Rb8 18. Nh3 Kd8 19. Rhe1 Qf6 20. Qg5 h6 21.
Qxf6+ Nxf6 22. g5 Nfd5 23. gxh6 f6 24. Nf2 Rxh6 25. Ng4 Rh3 26. Re6 Kd7 27.
Rde1 Rxf3 28. h3 Rxb3 29. Nxf6+ Nxf6 30. Rxf6 Na4 31. Ree6 Rxb2+ 32. Kc1 Rb1+
33. Kc2 R8b2+ 34. Kd3 Rd1+ 35. Kc4 Rc1+ 36. Kd3 Rd1+ 37. Kc4 Rc1+ 38. Kd3 Rc3+
39. Ke4 Nc5+ 40. dxc5 Rb4+ 0-1

[Event "Campeonato Distrital Individual Absoluto"]
[Site "Sede do GX Alekhine - Lisboa"]
[Date "2015.02.06"]
[Round "5.8"]
[White "Nanques, Helder Manuel Pereir"]
[Black "Azevedo, Manuel Roque"]
[Result "1-0"]
[WhiteElo "1922"]
[BlackElo "1719"]
[PlyCount "63"]
[EventDate "2015.01.27"]

1. b3 e6 2. Bb2 Nf6 3. e3 Be7 4. Nf3 d6 5. Be2 Nbd7 6. Nc3 b6 7. d3 Bb7 8. Qd2
c6 9. h3 Qc7 10. Nd1 h6 11. O-O O-O 12. e4 c5 13. Ne3 Rfd8 14. Nh2 Nh7 15. Neg4
e5 16. f4 Nhf6 17. fxe5 dxe5 18. Rf5 Nxg4 19. Nxg4 Bg5 20. Qc3 Bf6 21. Raf1 Qd6
22. Qe1 Re8 23. Qg3 Kh7 24. Bc1 Re6 25. Rh5 Be7 26. Rxf7 Rg6 27. Nxh6 Rxg3 28.
Nf5+ Kg8 29. Nxd6 Bxd6 30. Rxd7 Bxe4 31. dxe4 Rg6 32. Bc4+ 1-0

[Event "Campeonato Distrital Individual Absoluto"]
[Site "Sede do GX Alekhine - Lisboa"]
[Date "2015.02.06"]
[Round "5.9"]
[White "Marques, Hugo Miguel Fernande"]
[Black "Garcia, António Manuel Da Co"]
[Result "0-1"]
[WhiteElo "1640"]
[BlackElo "1919"]
[PlyCount "62"]
[EventDate "2015.01.27"]

1. e4 c5 2. c3 Qa5 3. Qb3 e6 4. Na3 Nc6 5. Nf3 Nf6 6. Nc4 Qc7 7. e5 Ng4 8. d4
cxd4 9. cxd4 Bb4+ 10. Bd2 Bxd2+ 11. Ncxd2 O-O 12. h3 Nh6 13. Bd3 Qa5 14. O-O
Nxd4 15. Bxh7+ Kxh7 16. Qd3+ Ndf5 17. g4 g6 18. gxf5 Nxf5 19. Ne4 Kg7 20. Kh2
Rh8 21. Rg1 b6 22. Nd6 Nxd6 23. Qxd6 Qc5 24. Qd2 Bb7 25. Qf4 Qxf2+ 26. Rg2 Qxf3
27. Qxf3 Bxf3 28. Rg3 Bd5 29. Re3 Rac8 30. Kg3 Rc2 31. b3 Rg2+ 0-1

[Event "Campeonato Distrital Individual Absoluto"]
[Site "Sede do GX Alekhine - Lisboa"]
[Date "2015.02.06"]
[Round "5.10"]
[White "Nunes, Adelino Victor"]
[Black "Aguiar, Carlos Alberto Branc"]
[Result "0-1"]
[WhiteElo "1588"]
[BlackElo "1807"]
[PlyCount "28"]
[EventDate "2015.01.27"]

1. e4 c5 2. Nf3 a6 3. g3 Nc6 4. Bg2 d6 5. O-O Nf6 6. d3 Bg4 7. c4 Nd4 8. Be3 g6
9. Qa4+ b5 10. cxb5 Nxf3+ 11. Bxf3 Bxf3 12. bxa6+ Qd7 13. Qc4 Qh3 14. Qb5+ Nd7
0-1

[Event "Campeonato Distrital Individual Absoluto"]
[Site "Sede do GX Alekhine - Lisboa"]
[Date "2015.02.06"]
[Round "5.11"]
[White "Santos, Júlio Fernandes Dos"]
[Black "Santos, Jose Manuel Duarte C"]
[Result "0-1"]
[WhiteElo "1949"]
[BlackElo "1872"]
[PlyCount "130"]
[EventDate "2015.01.27"]

1. e4 Nf6 2. e5 Nd5 3. Bc4 Nb6 4. Bb3 c5 5. d3 Nc6 6. Nf3 Qc7 7. Qe2 g6 8. Bd2
Bg7 9. Bc3 O-O 10. O-O a5 11. a4 d5 12. exd6 exd6 13. Bxg7 Kxg7 14. Qe4 Bf5 15.
Qh4 d5 16. Na3 Ne5 17. Nd2 Qd8 18. Qf4 Qf6 19. d4 cxd4 20. Qxd4 Ned7 21. Nb5
Qxd4 22. Nxd4 Kf6 23. Nxf5 Kxf5 24. c3 Rfe8 25. Nf3 Nc5 26. Bc2+ Kf6 27. Nd4
Ne6 28. Nb5 Rad8 29. Rfe1 Nc4 30. b3 Ne5 31. Rad1 Nc6 32. f3 Re7 33. Rd2 d4 34.
c4 Nc5 35. Rxe7 Kxe7 36. Nc7 Nb4 37. Bd1 Ne6 38. Nb5 f5 39. f4 Nxf4 40. Nxd4
Kf6 41. Bf3 Ke5 42. Bd5 Nfxd5 43. Nf3+ Kf6 44. Rd4 g5 45. h3 Nc6 46. Rxd5 Rxd5
47. cxd5 Nb4 48. d6 g4 49. hxg4 fxg4 50. Nd4 Nc6 51. Nb5 Ke6 52. Kf2 Ne5 53.
Kg3 Kd5 54. Kf4 h5 55. Kg5 Kc5 56. Kxh5 Kb4 57. Kg5 Kxb3 58. Kf5 Nc6 59. Kxg4
Kxa4 60. Nd4 Nxd4 61. d7 Nc6 62. Kf5 Kb5 63. g4 Kb6 64. g5 Kc7 65. Ke6 Kd8 0-1

[Event "Campeonato Distrital Individual Absoluto"]
[Site "Sede do GX Alekhine - Lisboa"]
[Date "2015.02.06"]
[Round "5.14"]
[White "Branco, Rómulo João Monteiro"]
[Black "Júlio, André Alexandre Mira"]
[Result "1-0"]
[WhiteElo "1737"]
[BlackElo "1671"]
[PlyCount "29"]
[EventDate "2015.01.27"]

1. d4 f5 2. c4 Nf6 3. Nc3 e6 4. Nf3 d6 5. e3 b6 6. g3 Bb7 7. d5 Qe7 8. Qa4+
Nbd7 9. Nb5 Kd8 10. Nxa7 Nc5 11. Nc6+ Bxc6 12. Qxc6 Ra6 13. Nd4 b5 14. Qxa6
Nxa6 15. Nc6+ 1-0

[Event "Campeonato Distrital Individual Absoluto"]
[Site "Sede do GX Alekhine - Lisboa"]
[Date "2015.02.10"]
[Round "6.1"]
[White "Fortunato, António Eduardo Con"]
[Black "Reis, Luís De Sousa Almeid"]
[Result "0-1"]
[WhiteElo "1691"]
[BlackElo "2174"]
[PlyCount "77"]
[EventDate "2015.01.27"]

1. e4 Nc6 2. d4 d5 3. e5 f6 4. f4 Bf5 5. Bb5 Qd7 6. c3 e6 7. Nf3 a6 8. Qa4 Nge7
9. O-O Rd8 10. Be2 Nxe5 11. Qb3 Nxf3+ 12. Bxf3 Qb5 13. Qd1 g6 14. Re1 h5 15.
Nd2 Kf7 16. Nb3 Nc8 17. a4 Qd7 18. Nc5 Bxc5 19. dxc5 b6 20. Be3 Rhe8 21. cxb6
Nxb6 22. Bd4 Qd6 23. a5 Nd7 24. Be3 c5 25. Qd2 Rb8 26. h3 c4 27. g4 hxg4 28.
hxg4 Bd3 29. b4 Rh8 30. Kg2 g5 31. Rh1 gxf4 32. Bxf4 e5 33. Bg3 Qe6 34. g5 f5
35. Bh5+ Rxh5 36. Rxh5 f4 37. Bxf4 Qg4+ 38. Bg3 Qxh5 39. Rh1 0-1

[Event "Campeonato Distrital Individual Absoluto"]
[Site "Sede do GX Alekhine - Lisboa"]
[Date "2015.02.10"]
[Round "6.2"]
[White "Bolhari, Orphe Iraj"]
[Black "Vasconcellos, Renato Fialho De"]
[Result "1/2-1/2"]
[WhiteElo "2141"]
[BlackElo "2053"]
[PlyCount "107"]
[EventDate "2015.01.27"]

1. e4 c5 2. Nf3 e6 3. Nc3 Nc6 4. d4 cxd4 5. Nxd4 Qc7 6. Be3 a6 7. Qf3 Nf6 8.
Be2 Be7 9. O-O-O O-O 10. Nxc6 bxc6 11. Qg3 Qxg3 12. hxg3 d5 13. Bd3 g6 14. Bg5
Re8 15. f3 a5 16. Rh2 Nd7 17. Bxe7 Rxe7 18. Rdh1 f6 19. exd5 exd5 20. Na4 Ne5
21. Be2 Raa7 22. Kd2 Ba6 23. Bxa6 Rxa6 24. b3 Ra8 25. Re1 Rae8 26. Rhh1 Nd7 27.
Rxe7 Rxe7 28. c3 h5 29. Rb1 Re8 30. Rb2 Kf7 31. Kd3 Rb8 32. Kd4 Ke6 33. Nc5+
Nxc5 34. Kxc5 Kd7 35. a4 Re8 36. b4 axb4 37. cxb4 Kc7 38. b5 cxb5 39. axb5 Re5
40. f4 Re3 41. b6+ Kb7 42. Kxd5 Rxg3 43. Ke6 f5 44. Kf7 h4 45. Re2 Rg4 46. Re7+
Kxb6 47. Re6+ Kc5 48. Rxg6 Kd5 49. Re6 Rxf4 50. Kf6 Re4 51. Ra6 Re2 52. Kxf5
Rxg2 53. Rh6 Rh2 54. Kg4 1/2-1/2

[Event "Campeonato Distrital Individual Absoluto"]
[Site "Sede do GX Alekhine - Lisboa"]
[Date "2015.02.10"]
[Round "6.3"]
[White "Aguiar, Carlos Alberto Branc"]
[Black "Marques, Carlos Filipe Fernan"]
[Result "1/2-1/2"]
[WhiteElo "1807"]
[BlackElo "1852"]
[PlyCount "114"]
[EventDate "2015.01.27"]

1. e4 e5 2. Nf3 Nc6 3. Bb5 a6 4. Bxc6 dxc6 5. d4 Bg4 6. dxe5 Qxd1+ 7. Kxd1
O-O-O+ 8. Ke2 Re8 9. Bf4 g5 10. Bg3 Bg7 11. Nbd2 f5 12. exf5 Bxe5 13. Bxe5
Rxe5+ 14. Kf1 Rxf5 15. h3 Bxf3 16. Nxf3 Nf6 17. Re1 Rf8 18. Nd4 Rd5 19. Nb3 Nh5
20. Kg1 c5 21. c4 Rd3 22. g3 b6 23. Kg2 a5 24. Re2 a4 25. Nc1 Rd4 26. b3 Rfd8
27. Rhe1 Rd1 28. Kf1 Rxe1+ 29. Kxe1 axb3 30. axb3 Nf6 31. Re6 Re8 32. Rxe8+
Nxe8 33. Ke2 Kd7 34. Ke3 Ke6 35. f4 gxf4+ 36. Kxf4 Kf6 37. g4 Nd6 38. Nd3 h6
39. h4 Nf7 40. Nf2 Ne5 41. g5+ hxg5+ 42. hxg5+ Ke6 43. Ke4 c6 44. Nh3 b5 45.
Nf4+ Kd6 46. g6 bxc4 47. bxc4 Nd7 48. Kf5 Ke7 49. Ne6 Nb6 50. Ng5 Kf8 51. Ne6+
Kg8 52. Nxc5 Nxc4 53. Nd7 Kg7 54. Kg5 Nd6 55. Nc5 Nf7+ 56. Kh5 Nd8 57. Kg5 Nf7+
1/2-1/2

[Event "Campeonato Distrital Individual Absoluto"]
[Site "Sede do GX Alekhine - Lisboa"]
[Date "2015.02.10"]
[Round "6.4"]
[White "Pires, Emanuel Joao Robarts"]
[Black "Alves, Luis Miguel Guerreir"]
[Result "1-0"]
[WhiteElo "2104"]
[BlackElo "1798"]
[PlyCount "77"]
[EventDate "2015.01.27"]

1. e4 c5 2. d4 cxd4 3. c3 d3 4. Bxd3 Nc6 5. Nf3 g6 6. O-O Bg7 7. Na3 d6 8. h3
a6 9. Qe2 Nf6 10. Rd1 Qc7 11. Bf4 Nh5 12. Bh2 O-O 13. g4 Nf6 14. e5 Ne8 15.
exd6 Nxd6 16. Nc4 b5 17. Nxd6 exd6 18. c4 bxc4 19. Be4 Rd8 20. Qxc4 Bb7 21. Ng5
Rd7 22. Rxd6 Rxd6 23. Bxd6 Qxd6 24. Qxf7+ Kh8 25. Qxb7 Rf8 26. Bxc6 Qf4 27.
Qxg7+ Kxg7 28. Ne6+ Kh6 29. Nxf4 Rxf4 30. Rb1 Kg5 31. Kg2 a5 32. Kg3 Rc4 33.
Bd5 Rc5 34. h4+ Kf6 35. Be4 h6 36. f3 g5 37. hxg5+ hxg5 38. b4 Rb5 39. a4 1-0

[Event "Campeonato Distrital Individual Absoluto"]
[Site "Sede do GX Alekhine - Lisboa"]
[Date "2015.02.10"]
[Round "6.5"]
[White "Belo, Miguel Ângelo Peting"]
[Black "Preto, Daniel Filipe Rodrig"]
[Result "0-1"]
[WhiteElo "1850"]
[BlackElo "2015"]
[PlyCount "82"]
[EventDate "2015.01.27"]

1. b3 e5 2. Bb2 Nc6 3. e3 Nf6 4. Bb5 Bd6 5. Na3 a6 6. Bxc6 dxc6 7. Nc4 Qe7 8.
Ne2 Bg4 9. f3 Bd7 10. O-O h5 11. f4 e4 12. Ne5 O-O-O 13. h3 Bc5 14. b4 Bxb4 15.
a3 Bc5 16. Bd4 Bxd4 17. Nxd4 c5 18. Nb3 Be6 19. c4 Ne8 20. Qc2 Bf5 21. Rab1 f6
22. Nc6 bxc6 23. Na5 Rd6 24. Qa4 Kd7 25. Rb8 Rh6 26. Nb7 Ke6 27. Qxa6 Rxd2 28.
Qxc6+ Kf7 29. Nxc5 Rg6 30. Rf2 Rd6 31. Qb5 Bxh3 32. Kh2 Bd7 33. Qb3 f5 34. Kh3
Rb6 35. Rxb6 Rxb6 36. Qd1 Nf6 37. Qd4 Rd6 38. Qe5 Rd1 39. Qxe7+ Kxe7 40. Ra2
Rh1+ 41. Kg3 Ng4 0-1

[Event "Campeonato Distrital Individual Absoluto"]
[Site "Sede do GX Alekhine - Lisboa"]
[Date "2015.02.10"]
[Round "6.6"]
[White "Rocha, Manuel Fernando Teix"]
[Black "Nanques, Helder Manuel Pereir"]
[Result "0-1"]
[WhiteElo "1798"]
[BlackElo "1922"]
[PlyCount "68"]
[EventDate "2015.01.27"]

1. e4 c6 2. d4 Na6 3. f4 d5 4. e5 Bf5 5. c3 Qb6 6. Nf3 h6 7. Be2 e6 8. O-O Ne7
9. b4 Nc7 10. a4 a5 11. Ba3 Ng6 12. Nfd2 axb4 13. Qb3 c5 14. c4 cxd4 15. Kh1
Bc5 16. Bb2 O-O 17. Bd3 Ne7 18. Nf3 Rfd8 19. Nbd2 Bxd3 20. Qxd3 Qa6 21. g4 dxc4
22. Nxc4 Ncd5 23. f5 Ne3 24. f6 Ng6 25. g5 Qxc4 26. Qxc4 Nxc4 27. Rac1 Nxb2 28.
Rxc5 d3 29. Nd2 Rac8 30. Rfc1 Rxc5 31. Rxc5 Nf4 32. fxg7 Kxg7 33. Rc7 hxg5 34.
Ne4 d2 0-1

[Event "Campeonato Distrital Individual Absoluto"]
[Site "Sede do GX Alekhine - Lisboa"]
[Date "2015.02.10"]
[Round "6.7"]
[White "Sousa, Tadeu Filipe Leonard"]
[Black "Garcia, António Manuel Da Co"]
[Result "0-1"]
[WhiteElo "1787"]
[BlackElo "1919"]
[PlyCount "132"]
[EventDate "2015.01.27"]

1. e4 c5 2. Nf3 e6 3. c3 d6 4. d4 cxd4 5. cxd4 Nf6 6. Bd3 Nc6 7. Nc3 Bd7 8. O-O
Be7 9. Qe2 e5 10. d5 Nb4 11. Bb5 a5 12. h3 O-O 13. Bxd7 Nxd7 14. Rd1 Rc8 15.
Be3 f5 16. exf5 Rxf5 17. Nd2 Nc2 18. Rac1 Nxe3 19. Qxe3 Bg5 20. Qd3 Rf4 21.
Nce4 Rxc1 22. Rxc1 Rxe4 23. Qxe4 Bxd2 24. Rc2 Nc5 25. Qg4 Bg5 26. b3 Qe7 27. a3
h6 28. b4 axb4 29. axb4 Na6 30. Qf5 Nc7 31. b5 Ne8 32. Rc8 e4 33. Qg6 Kf8 34.
Qf5+ Bf6 35. Rc4 e3 36. Re4 exf2+ 37. Kxf2 Qf7 38. Ke2 Be5 39. Qc8 Qxd5 40. Qc4
Qxc4+ 41. Rxc4 Ke7 42. h4 Kd7 43. g4 Nc7 44. g5 hxg5 45. b6 Nd5 46. hxg5 Nxb6
47. Rh4 Kc6 48. Kd3 Kc5 49. Rh7 d5 50. Rh8 Nd7 51. Rc8+ Kd6 52. Rd8 b5 53. Rh8
b4 54. Kc2 Nc5 55. Rd8+ Kc6 56. Rc8+ Kb5 57. Re8 Bd4 58. Rd8 Kc4 59. g6 b3+ 60.
Kb1 Bc3 61. Rd6 Ne4 62. Rd7 Nd2+ 63. Kc1 b2+ 64. Kd1 b1=Q+ 65. Ke2 Qf1+ 66. Ke3
Qf3# 0-1

[Event "Campeonato Distrital Individual Absoluto"]
[Site "Sede do GX Alekhine - Lisboa"]
[Date "2015.02.10"]
[Round "6.8"]
[White "Santos, Jose Manuel Duarte C"]
[Black "Lopes, Jose Manuel Cidreiro"]
[Result "0-1"]
[WhiteElo "1872"]
[BlackElo "1734"]
[PlyCount "74"]
[EventDate "2015.01.27"]

1. e4 d6 2. d4 Nf6 3. Nc3 c6 4. Nf3 Bg4 5. Be2 Nbd7 6. Bf4 Qa5 7. O-O e5 8. Be3
Be7 9. Re1 O-O 10. Qd2 Rfd8 11. Rad1 Qc7 12. h3 Bxf3 13. Bxf3 exd4 14. Qxd4 Ne5
15. Be2 c5 16. Qd2 a6 17. a4 Qc6 18. f4 Ng6 19. Bf3 Nh4 20. Qe2 Nxf3+ 21. Qxf3
Rd7 22. g4 Ne8 23. g5 f5 24. Nd5 fxe4 25. Qxe4 Bf8 26. Qe6+ Kh8 27. f5 Nc7 28.
Nxc7 Rxc7 29. f6 Re8 30. Qg4 Qe4 31. Bf4 Qxa4 32. fxg7+ Rxg7 33. Rxe8 Qxe8 34.
Kf2 Rf7 35. Re1 Qa4 36. Kg3 Bg7 37. Re8+ Qxe8 0-1

[Event "Campeonato Distrital Individual Absoluto"]
[Site "Sede do GX Alekhine - Lisboa"]
[Date "2015.02.10"]
[Round "6.9"]
[White "Fanha, Paulo A Marinheiro"]
[Black "Lages, Duarte Jorge Silva"]
[Result "1/2-1/2"]
[WhiteElo "1868"]
[BlackElo "1775"]
[PlyCount "122"]
[EventDate "2015.01.27"]

1. b3 e5 2. Bb2 Nc6 3. e3 f5 4. Bb5 d6 5. d4 exd4 6. Qxd4 Bd7 7. Bxc6 Bxc6 8.
Nf3 Nf6 9. Nc3 Qd7 10. O-O-O Be7 11. h3 O-O 12. Rhg1 b5 13. Nd2 a5 14. e4 b4
15. Nd5 Bxd5 16. exd5 c5 17. dxc6 Qxc6 18. Rge1 Rf7 19. Qc4 Rc8 20. Qxc6 Rxc6
21. Nc4 Ne4 22. f3 Nc3 23. Bxc3 bxc3 24. a4 Rxc4 25. bxc4 Bg5+ 26. Kb1 Rb7+ 27.
Ka1 Bd2 28. Rxd2 cxd2 29. Rd1 Rb4 30. Rxd2 Rxc4 31. Kb2 Rxa4 32. Rxd6 Kf7 33.
c3 Ke7 34. Ra6 h6 35. g3 Kf7 36. h4 h5 37. Rc6 g6 38. c4 Kg7 39. Kb3 Ra1 40.
Ra6 Rg1 41. c5 Rxg3 42. c6 Rxf3+ 43. Kc4 Rf1 44. Rxa5 Rc1+ 45. Kd5 Kf6 46. Ra8
Rd1+ 47. Kc5 Rc1+ 48. Kb6 Rb1+ 49. Ka6 Ra1+ 50. Kb7 Rb1+ 51. Kc8 f4 52. c7 Kf5
53. Kd7 Rb7 54. Rg8 f3 55. Kd6 Rxc7 56. Kxc7 Kg4 57. Rxg6+ Kxh4 58. Kd6 f2 59.
Rf6 Kg3 60. Ke5 h4 61. Ke4 Kg2 1/2-1/2